PYMES Implementacin̤ de normas de informacin̤ financiera internacional (grupo 2) /

Detalles Bibliográficos
Autor principal: Borrero Pèz, Alfredo
Otros Autores: Ortiz Tovar, Olson
Formato: eBook
Lenguaje:español
Publicado: Bogot:̀ Ediciones de la U, 2016
Materias:
Acceso en línea:Acceso restringido

MARC

LEADER 00000nam a22000007a 4500
005 20210515005749.0
007 cr|||| ||||
008 210515s2016 co |||||s|||| 00||0 spa d
020 |a 978-958-741-672-5 
035 |a 33368 
040 |a vLex 
090 |c 11678  |d 11678 
100 1 |a Borrero Pèz, Alfredo 
245 1 0 |a PYMES  |h [Recurso electrn̤ico] :  |b Implementacin̤ de normas de informacin̤ financiera internacional (grupo 2) /  |c Alfredo Borrero Pèz, Olson Ortiz Tovar 
256 |a Servicio en ln̕ea 
260 |a Bogot:̀  |b Ediciones de la U,  |c 2016 
300 |a 1 recurso electrn̤ico 
500 |a Con la aprobacin̤ de la Ley 1314 del 2009, en Colombia se dio inicio formal al proceso de convergencia y adopcin̤ de las Normas Internacionales de Informacin̤ Financiera (NIIF). As ̕mismo, se defini ̤la estructura y fechas en las que cada tipo de empresa debe realizar su proceso de implementacin̤. Este manual, que contiene las experiencias exitosas del equipo de implementacin̤ de NIIF de Uninorte en ms̀ de cuarenta Pymes del Caribe colombiano, y est ̀dirigido a estudiantes de contadura̕, gerentes, contadores, administradores y dems̀ profesionales del r̀ea de administrativa y financiera. 
506 1 |a Disponible solo en los productos indicados  |d vLex Global  |d vLex Global (Academic Edition, excluding Law Schools)  |d vLex Global (U.S. Academic Edition, Law Schools)  |d vLex Global (U.S. Academic Edition, excluding Law Schools)  |d vLex Global (Academic Edition, Law Schools) 
650 0 4 |a Contabilidad  |z Colombia 
700 1 |a Ortiz Tovar, Olson 
740 0 |a vLex Libros (Servicio en ln̕ea) 
856 4 0 |u https://vlex.com/source/pymes-implementacion-de-normas-de-informacion-financiera-internacional-grupo-2--33368  |z Acceso restringido 
942 |c BOOK 
999 0 |a Accounting